| 000 | 00331nam a2200133Ia 4500 | ||
|---|---|---|---|
| 005 | 20251222143243.0 | ||
| 008 | 251222s9999||||xx |||||||||||||| ||spa|| | ||
| 020 | _a84-254-1910-7 | ||
| 082 | _a221/S79/Ej.2 | ||
| 100 | _aStendebach, Franz Josef | ||
| 245 | 0 | _aIntroducción al Antiguo Testamento | |
| 264 | _bHerder | ||
| 942 | _cLIB | ||
| 999 |
_c14661 _d14661 |
||